000 00523 a2200181 4500
999 _c5889
_d5889
010 _aENG-87059
020 _a8183821170
_c175.00
035 _aEN-70592
037 _bDBAD / PUB
082 1 4 _a370
100 _aSingh, C.P.
245 1 _aIndian education in emerging society /
_cby C.P. Singh
260 _aNew Delhi
_bLotus Press
_c2007
270 _a4263/3, Ansari Road, Daryaganj
_bNew Delhi
_e110 002
300 _a350p.
_c21cm (pbk)
500 _aIncludes index
942 _adpl
_cEN
_2ddc
_h370
_mSIN